000 00293nam a22001337a 4500
008 210528b ||||| |||| 00| 0 eng d
041 _aeng
080 _a82
082 _a82
100 _a21
101 _aGJL
245 _aAn Anthology of world Literature
_cPhilo M. Buck
942 _2udc
_cBK
999 _c57808
_d57808